| 000 | 00602nam a2200229 a 4500 | ||
|---|---|---|---|
| 001 | nice12345678 | ||
| 003 | IN_TiNIC | ||
| 005 | 20260116012211.0 | ||
| 008 | 050524s1973 mica grp 000 0 eng | ||
| 020 |
_a _c177.75 |
||
| 082 | 0 | 0 |
_a228 _bDEH |
| 100 | _aDehaan, M R | ||
| 245 |
_aRevelation _b 35 Simple Studies in the Major Themes in Revelation. |
||
| 260 |
_aMichigan _bZondervan Publishing House _c1973 |
||
| 500 | _aincludes index and biblioraphy | ||
| 505 | 2 | _aIndex | |
| 650 | _aApocalyptic Literature | ||
| 700 | 1 | _aDehaan, M R | |
| 902 | _bSRS | ||
| 942 | _cBK | ||
| 999 |
_c6050 _d6050 |
||